000 00801nam a22001937a 4500
003 0
005 20250204171203.0
008 250204b xxu||||| |||| 00| 0 eng d
050 _aHF 5549.5
_b.K56 2019
100 _aKim, Eun Hee
245 _aEmployee benefits as the determinant to job satisfaction for filipino female working in korean apparel companies in cavite export processing zone cepz.
_cEun Hee Kim
260 _aLas Pinas City
_bSouthville International School and Colleges
_c2019
300 _a43 pages;
_c28cm.
500 _aMaster in Business Administration.
504 _aIncludes bibliographical references and appendices.
650 _aEmployee Benefits and Job Satisfaction – Philippines.
650 _aJob Motivation and Female Workforce in Manufacturing.
942 _2lcc
_cTH
999 _c367125
_d367125